|
|
|
|
| LEADER |
04246nam a22005655i 4500 |
| 001 |
978-3-319-66595-5 |
| 003 |
DE-He213 |
| 005 |
20170829050611.0 |
| 007 |
cr nn 008mamaa |
| 008 |
170829s2017 gw | s |||| 0|eng d |
| 020 |
|
|
|a 9783319665955
|9 978-3-319-66595-5
|
| 024 |
7 |
|
|a 10.1007/978-3-319-66595-5
|2 doi
|
| 040 |
|
|
|d GrThAP
|
| 050 |
|
4 |
|a Q334-342
|
| 050 |
|
4 |
|a TJ210.2-211.495
|
| 072 |
|
7 |
|a UYQ
|2 bicssc
|
| 072 |
|
7 |
|a TJFM1
|2 bicssc
|
| 072 |
|
7 |
|a COM004000
|2 bisacsh
|
| 082 |
0 |
4 |
|a 006.3
|2 23
|
| 245 |
1 |
0 |
|a Coordination, Organizations, Institutions, and Norms in Agent Systems XII
|h [electronic resource] :
|b COIN 2016 International Workshops, COIN@AAMAS, Singapore, Singapore, May 9, 2016, COIN@ECAI, The Hague, The Netherlands, August 30, 2016, Revised Selected Papers /
|c edited by Stephen Cranefield, Samhar Mahmoud, Julian Padget, Ana Paula Rocha.
|
| 264 |
|
1 |
|a Cham :
|b Springer International Publishing :
|b Imprint: Springer,
|c 2017.
|
| 300 |
|
|
|a XIII, 171 p. 43 illus.
|b online resource.
|
| 336 |
|
|
|a text
|b txt
|2 rdacontent
|
| 337 |
|
|
|a computer
|b c
|2 rdamedia
|
| 338 |
|
|
|a online resource
|b cr
|2 rdacarrier
|
| 347 |
|
|
|a text file
|b PDF
|2 rda
|
| 490 |
1 |
|
|a Lecture Notes in Computer Science,
|x 0302-9743 ;
|v 10315
|
| 505 |
0 |
|
|a Towards a distributed data-sharing economy -- Modeling patient-centric healthcare using socially intelligent systems: the AVICENA experience -- `How did they know?' - Model-checking for analysis of information leakage in social networks -- A manifesto for conscientious design of hybrid online social systems -- Communication and shared mental models for teams performing interdependent tasks -- An empirical approach for relating environmental patterns with agent team compositions -- Monitoring opportunism in multi-agent systems -- The role of values -- On the minimal recognition of rights in holonic institutions. .
|
| 520 |
|
|
|a This book constitutes the thoroughly refereed post-conference proceedings of the 12th International Workshops on Coordination, Organizations, Institutions and Norms in Agent Systems, COIN 2016. The workshop COIN@AAMAS 2016 was held in Singapore, Singapore, in May 2016, and the workshop COIN@ECAI 2016 was held in The Hague, The Netherlands, in August 2016. The 9 full papers were carefully reviewed and selected from 15 submissions for inclusion in this volume. They cover the following topics: Social Issues: The papers focus on the security of personal data, support for self-care for individuals with chronic conditions, analysis of the risk of information leakage in social networks, and an analysis of issues arising in the design of on-line environments whose participants are human and software. Teams: The papers consider different aspects of team working: what kinds of knowledge sharing best contribute to effective team performance and how to organize a tea m to function effectively in different kinds of scenarios. Rights and Values: The papers examine complementary issues that influence the effective design of normative systems, namely how to detect opportunism so that it may be discouraged, how individuals values influence (collective) decision-making processes and how rights and powers relate to value and conflict resolution in nested organizational structures.
|
| 650 |
|
0 |
|a Computer science.
|
| 650 |
|
0 |
|a Software engineering.
|
| 650 |
|
0 |
|a Programming languages (Electronic computers).
|
| 650 |
|
0 |
|a Artificial intelligence.
|
| 650 |
1 |
4 |
|a Computer Science.
|
| 650 |
2 |
4 |
|a Artificial Intelligence (incl. Robotics).
|
| 650 |
2 |
4 |
|a Programming Languages, Compilers, Interpreters.
|
| 650 |
2 |
4 |
|a Software Engineering.
|
| 650 |
2 |
4 |
|a Information Systems Applications (incl. Internet).
|
| 700 |
1 |
|
|a Cranefield, Stephen.
|e editor.
|
| 700 |
1 |
|
|a Mahmoud, Samhar.
|e editor.
|
| 700 |
1 |
|
|a Padget, Julian.
|e editor.
|
| 700 |
1 |
|
|a Rocha, Ana Paula.
|e editor.
|
| 710 |
2 |
|
|a SpringerLink (Online service)
|
| 773 |
0 |
|
|t Springer eBooks
|
| 776 |
0 |
8 |
|i Printed edition:
|z 9783319665948
|
| 830 |
|
0 |
|a Lecture Notes in Computer Science,
|x 0302-9743 ;
|v 10315
|
| 856 |
4 |
0 |
|u http://dx.doi.org/10.1007/978-3-319-66595-5
|z Full Text via HEAL-Link
|
| 912 |
|
|
|a ZDB-2-SCS
|
| 912 |
|
|
|a ZDB-2-LNC
|
| 950 |
|
|
|a Computer Science (Springer-11645)
|